Sąsiedzi Polski - nagła śmierć - Statystyki

Ogólne statystyki
  • Ten quiz został rozwiązany 22 998 razy
  • Średni wynik to 6 z 7
Answers on the Grid
Answers color-coded by a green-red scale on the quiz's grid according to % correct below.
Czechy
Austria
Niemcy
Słowacja
Ukraina
Białoruś
Litwa
Szwecja
Rosja
Finlandia
Estonia
Łotwa
Rumunia
Węgry
Holandia
Serbia
 
Statystyki odpowiedzi
Odpowiedź % Poprawnych
Niemcy
91%
Rosja
91%
Ukraina
91%
Czechy
90%
Litwa
90%
Białoruś
89%
Słowacja
87%
Nie znaleziono quizów pasujących do podanych kryteriów
Rozkład punktacji
Procent ludzi z każdym wynikiem
Percentyl według liczby udzielonych odpowiedzi
Twoja historia wyników
Nie rozwiązałeś tego quizu